| 000 | 01902nam0a2200349 4500 | ||
|---|---|---|---|
| 001 | RU\NLR\bibl\1695784 | ||
| 005 | 20241119221508.0 | ||
| 020 |
_aRU _b00-13478 _9Летопись авторефератов диссертаций |
||
| 021 |
_aRU _b2010-11778а _9472аа |
||
| 035 | _a(NLR Aleph) 001686882 | ||
| 090 |
_a1136252 _c1136252 |
||
| 100 | _a20100609d2010 u u0rusy50 ca | ||
| 101 | 0 | _arus | |
| 102 | _aRU | ||
| 105 | _aa dm ||||| | ||
| 200 | 1 |
_aКросскультурный терминологический словарь как словарь нового типа _e(на материалах английских и русских терминов лингводидактики) _eавтореферат диссертации на соискание ученой степени д. филол. н. _eспециальность 10.02.20 <Сравнительно-историческое, типологическое и сопостовительное языкознание> _fЛовцевич Галина Николаевна _g[Ин-т иностр. яз. Дальневост. гос. ун-та] |
|
| 210 |
_aМосква _d2010 |
||
| 215 |
_a39 с. _d21 |
||
| 320 | _aБиблиогр.: с. 33-39 (56 назв.) и в подстроч. примеч. | ||
| 327 | 0 | _aМесто защиты: Моск. гос. ун-т им. М. В. Ломоносова | |
| 675 |
_a80/81 _v3 _zrus |
||
| 686 |
_a16.41 _2rugasnti |
||
| 686 |
_a81 _2rubbk |
||
| 686 |
_a10.02.20 _2oksvnk |
||
| 700 | 1 |
_aЛовцевич _bГ. Н. _gГалина Николаевна _4070 |
|
| 801 | 0 |
_aRU _bRKP _c20100609 _gPSBO |
|
| 801 | 1 |
_aRU _bRKP _c20100609 |
|
| 801 | 2 |
_aRU _bNLR _c20101109 _grcr |
|
| 901 | _eАвторефераты | ||
| 942 | _cBOOK | ||
| 981 | 1 | 0 | _a(10) Авторефераты |